<?xml version="1.0" encoding="UTF-8"?>
<collection xmlns="http://www.loc.gov/MARC21/slim">
 <record>
  <leader>05181nam a2200373 a 4500</leader>
  <controlfield tag="001">kal1201</controlfield>
  <controlfield tag="003">Gr-AtHEAL</controlfield>
  <controlfield tag="005">20160422100340.0</controlfield>
  <controlfield tag="006">m        d        </controlfield>
  <controlfield tag="008">160413s2015    gr      s           gre|c</controlfield>
  <datafield tag="020" ind1=" " ind2=" ">
   <subfield code="a">9789606034138</subfield>
  </datafield>
  <datafield tag="040" ind1=" " ind2=" ">
   <subfield code="a">GR-AtHEAL</subfield>
   <subfield code="b">gre</subfield>
   <subfield code="c">GR-AtHEAL</subfield>
  </datafield>
  <datafield tag="082" ind1="0" ind2="4">
   <subfield code="a">515.63</subfield>
   <subfield code="2">23</subfield>
  </datafield>
  <datafield tag="100" ind1="1" ind2=" ">
   <subfield code="a">Γιαννούλης, Ιωάννης.</subfield>
   <subfield code="8">965</subfield>
  </datafield>
  <datafield tag="245" ind1="1" ind2="0">
   <subfield code="a">Διανυσματική ανάλυση</subfield>
   <subfield code="h">[Ηλεκτρονικός πόρος] </subfield>
   <subfield code="c">Γιαννούλης, Ιωάννης ; Κριτικός αναγνώστης,Στρατής, Ιωάννης.</subfield>
  </datafield>
  <datafield tag="260" ind1=" " ind2=" ">
   <subfield code="a">Αθήνα :</subfield>
   <subfield code="b">Σύνδεσμος Ελληνικών Ακαδημαϊκών Βιβλιοθηκών,</subfield>
   <subfield code="c">c2015.</subfield>
  </datafield>
  <datafield tag="490" ind1=" " ind2=" ">
   <subfield code="a">Ακαδημαϊκά Ηλεκτρονικά Συγγράμματα και Βοηθήματα Κάλλιπος</subfield>
   <subfield code="8">40</subfield>
  </datafield>
  <datafield tag="520" ind1=" " ind2=" ">
   <subfield code="a">Το θέμα του βιβλίου είναι η ανάπτυξη της κλασικής θεωρίας της Μαθηματικής Ανάλυσης αναφορικά με πραγματικές και διανυσματικές συναρτήσεις πολλών πραγματικών μεταβλητών. Στόχος του είναι η εισαγωγή και αυστηρή μαθηματική θεμελίωση των σχετικών κλασικών εννοιών, δηλαδή η συνέχεια και η διαφορισιμότητα συναρτήσεων περισσότερων μεταβλητών, ο ορισμός του πολλαπλού ολοκληρώματος κατά Riemann, των επικαμπυλίων και επιφανειακών ολοκληρωμάτων βαθμωτών και διανυσματικών συναρτήσεων, και η απόδειξη των κλασικών θεωρημάτων του ολοκληρωτικού λογισμού πολλών μεταβλητών, δηλαδή των Θεωρημάτων Green, Stokes, Gauss.Το κοινό που απευθύνεται είναι κυρίως οι φοιτητές Μαθηματικών, αλλά φιλοδοξεί να αποτελέσει και ένα έργο αναφοράς σχετικά με τα θέματα που πραγματεύεται για όποιον άλλο ενδιαφερόμενο, Μαθηματικό ή Φυσικό Επιστήμονα ή Μηχανικό, φοιτητή, διδάσκοντα ή ερευνητή. Η ύλη του εντάσσεται στην υποχρεωτική ύλη για φοιτητές τμημάτων μαθηματικών, σχολών φυσικών επιστημών και πολυτεχνικών σχολών, και έχει ως προαπαιτούμενο τη γνώση της σχετικής θεωρίας αναφορικά με πραγματικές συναρτήσεις μίας πραγματικής μεταβλητής,ενώ αποτελεί τη βάση για μαθήματα Διαφορικής Γεωμετρίας, Μερικών Διαφορικών Εξισώσεων και Εφαρμοσμένων Μαθηματικών, αλλά και της πλειοψηφίας των θεωρητικών μαθημάτων των Φυσικών ή Μηχανικών Επιστημών.Το βιβλίο μπορεί να χρησιμοποιηθεί και ως έργο παραπομπής για πιο θεωρητικά θέματα, και άρα μπορεί να χρησιμεύσει και για τη διδασκαλία σε πιο εφαρμοσμένο επίπεδο η οποία θα επικεντρώνεται περισσότερο σε θέματα εφαρμογής και ερμηνείας από γεωμετρική και φυσική άποψη των σχετικών εννοιών και θεωρημάτων με πληθώρα παραδειγμάτων, ασκήσεων και εφαρμογών.</subfield>
  </datafield>
  <datafield tag="650" ind1=" " ind2="0">
   <subfield code="a">Vector analysis</subfield>
   <subfield code="8">2233</subfield>
  </datafield>
  <datafield tag="653" ind1=" " ind2=" ">
   <subfield code="a">Επιφανειακά ολοκληρώματα</subfield>
  </datafield>
  <datafield tag="653" ind1=" " ind2=" ">
   <subfield code="a">Επικαμπύλια ολοκληρώματα</subfield>
  </datafield>
  <datafield tag="653" ind1=" " ind2=" ">
   <subfield code="a">Ολοκλήρωση</subfield>
  </datafield>
  <datafield tag="653" ind1=" " ind2=" ">
   <subfield code="a">Διαφόριση</subfield>
  </datafield>
  <datafield tag="653" ind1=" " ind2=" ">
   <subfield code="a">Συνέχεια</subfield>
  </datafield>
  <datafield tag="653" ind1=" " ind2=" ">
   <subfield code="a">Ν-διάστατος ευκλείδειος όρος</subfield>
  </datafield>
  <datafield tag="653" ind1=" " ind2=" ">
   <subfield code="a">Διανυσματικές συναρτήσεις περισσότερων πραγματικών μεταβλητών</subfield>
  </datafield>
  <datafield tag="653" ind1=" " ind2=" ">
   <subfield code="a">Πραγματικές συναρτήσεις περισσότερων πραγματικών μεταβλητών</subfield>
  </datafield>
  <datafield tag="653" ind1=" " ind2=" ">
   <subfield code="a">Μαθηματικά</subfield>
   <subfield code="a">Πραγματικές συναρτήσεις</subfield>
   <subfield code="a">Συναρτήσεις πολλών μεταβλητών</subfield>
  </datafield>
  <datafield tag="700" ind1="1" ind2=" ">
   <subfield code="a">Στρατής, Ιωάννης</subfield>
   <subfield code="e">Κριτικός αναγνώστης</subfield>
   <subfield code="8">966</subfield>
  </datafield>
  <datafield tag="856" ind1="4" ind2="0">
   <subfield code="u">http://hdl.handle.net/11419/1201</subfield>
   <subfield code="z">Πλήρες Κείμενο - Full text</subfield>
  </datafield>
  <datafield tag="907" ind1=" " ind2=" ">
   <subfield code="a">.b25679314</subfield>
   <subfield code="b">12-06-18</subfield>
   <subfield code="c">29-07-16</subfield>
  </datafield>
  <datafield tag="949" ind1=" " ind2=" ">
   <subfield code="0">0</subfield>
   <subfield code="1">0</subfield>
   <subfield code="2">ddc</subfield>
   <subfield code="4">0</subfield>
   <subfield code="6">515_630000000000000_ΓΙΑ</subfield>
   <subfield code="7">0</subfield>
   <subfield code="8">KALL</subfield>
   <subfield code="8">690</subfield>
   <subfield code="d">2016-04-13</subfield>
   <subfield code="r">2016-04-13</subfield>
   <subfield code="w">2016-04-13</subfield>
   <subfield code="z">515.63 ΓΙΑ</subfield>
   <subfield code="o">SEAB KALLIPOS</subfield>
  </datafield>
  <datafield tag="998" ind1=" " ind2=" ">
   <subfield code="a">80</subfield>
   <subfield code="a">01</subfield>
   <subfield code="a">02</subfield>
   <subfield code="a">03</subfield>
   <subfield code="a">04</subfield>
   <subfield code="a">05</subfield>
   <subfield code="a">06</subfield>
   <subfield code="a">07</subfield>
   <subfield code="a">08</subfield>
   <subfield code="a">09</subfield>
   <subfield code="a">10</subfield>
   <subfield code="a">11</subfield>
   <subfield code="a">12</subfield>
   <subfield code="a">13</subfield>
   <subfield code="a">14</subfield>
   <subfield code="a">15</subfield>
   <subfield code="a">16</subfield>
   <subfield code="a">17</subfield>
   <subfield code="a">18</subfield>
   <subfield code="a">19</subfield>
   <subfield code="a">20</subfield>
   <subfield code="a">21</subfield>
   <subfield code="a">22</subfield>
   <subfield code="a">23</subfield>
   <subfield code="a">24</subfield>
   <subfield code="a">25</subfield>
   <subfield code="a">26</subfield>
   <subfield code="b">16-05-17</subfield>
   <subfield code="c">m</subfield>
   <subfield code="d">z  </subfield>
   <subfield code="e">-</subfield>
   <subfield code="f">gre</subfield>
   <subfield code="g">gr </subfield>
   <subfield code="h">0</subfield>
  </datafield>
  <datafield tag="942" ind1=" " ind2=" ">
   <subfield code="2">ddc</subfield>
   <subfield code="c">KALLIPOS</subfield>
  </datafield>
 </record>
</collection>
